|
|
|
|
| LEADER |
00000nam0a2200000 4500 |
| 001 |
151778 |
| 005 |
20231101221602.0 |
| 010 |
|
|
|a 9785982274274
|
| 035 |
|
|
|a (RuTPU)RU\TPU\book\164555
|
| 090 |
|
|
|a 151778
|
| 100 |
|
|
|a 20090127d2009 m y0rusy50 ca
|
| 101 |
0 |
|
|a rus
|
| 102 |
|
|
|a RU
|
| 105 |
|
|
|a a j 001zy
|
| 200 |
1 |
|
|a Компьютерный практикум по математике. Математический анализ. Линейная алгебра
|e учебное пособие
|f Е. М. Воробьев
|
| 210 |
|
|
|a Москва
|c КДУ
|d 2009
|
| 215 |
|
|
|a 604 с.
|c ил.
|
| 320 |
|
|
|a Библиогр.: с. 590.
|
| 330 |
|
|
|a В книге рассматриваются вопросы применения математических систем «Математика» и «ВебМатематика» для преподавания и изучения математического анализа н линейной алгебры. Книга подытоживает более чем десятилетний опыт преподавания упомянутых дисциплин с использованием информационных технологий в таких московских вузах, как МИЭМ, МЭСИ и ГУ-ВШЭ. Книга содержит задачи, образцы их решения на компьютере и подробный теоретический материал. Показано, что математические системы позволяют соединить преимущества логического и прикладного подходов к изложению математических дисциплин.
|
| 606 |
1 |
|
|a Математический анализ
|2 stltpush
|3 (RuTPU)RU\TPU\subj\41236
|9 61042
|
| 606 |
1 |
|
|a Линейная алгебра
|2 stltpush
|3 (RuTPU)RU\TPU\subj\40174
|9 60039
|
| 610 |
1 |
|
|a прикладная математика
|
| 610 |
1 |
|
|a дифференциальное исчисление
|
| 610 |
1 |
|
|a производные
|
| 610 |
1 |
|
|a дифференциалы
|
| 610 |
1 |
|
|a формула Тейлора
|
| 610 |
1 |
|
|a графики
|
| 610 |
1 |
|
|a интегральное исчисление
|
| 610 |
1 |
|
|a интегралы
|
| 610 |
1 |
|
|a непрерывность
|
| 610 |
1 |
|
|a числовые ряды
|
| 610 |
1 |
|
|a функциональные ряды
|
| 610 |
1 |
|
|a векторная алгебра
|
| 610 |
1 |
|
|a векторы
|
| 610 |
1 |
|
|a матрицы
|
| 610 |
1 |
|
|a системы уравнений
|
| 610 |
1 |
|
|a линейные пространства
|
| 610 |
1 |
|
|a линейные операторы
|
| 610 |
1 |
|
|a билинейные формы
|
| 610 |
1 |
|
|a квадратичные формы
|
| 610 |
1 |
|
|a компьютерные практикумы
|
| 610 |
1 |
|
|a лабораторные работы
|
| 610 |
1 |
|
|a учебные пособия
|
| 610 |
1 |
|
|a математика
|
| 675 |
|
|
|a 517(075.8)
|v 3
|
| 675 |
|
|
|a 512.64(075.8)
|v 3
|
| 700 |
|
1 |
|a Воробьев
|b Е. М.
|g Евгений Михайлович
|
| 801 |
|
1 |
|a RU
|b 63413507
|c 20090127
|g PSBO
|
| 801 |
|
2 |
|a RU
|b 63413507
|c 20090921
|g PSBO
|
| 942 |
|
|
|c BK
|
| 959 |
|
|
|a 12/20090126
|d 1
|e 0
|f ЧЗТЛ:1
|
| 959 |
|
|
|a 72/20090616
|d 1
|e 418,00
|f ЧЗТЛ:1
|